Alphabet in 15 seconds - Statistics

General Stats
  • This quiz has been taken 16 times
  • The average score is 25 of 26
Answer Stats
Answer % Correct
A
100%
B
100%
C
100%
D
100%
E
100%
F
100%
G
100%
H
100%
I
100%
J
100%
K
100%
L
100%
M
100%
N
100%
O
100%
P
100%
Q
100%
R
100%
S
91%
T
91%
U
91%
V
91%
W
91%
X
82%
Y
82%
Z
82%
No matching quizzes found
Score Distribution
Percent of People with Each Score
Percentile by Number Answered
Your Score History
You have not taken this quiz